00211nam a2200085Ia 4500008004100000041000800041100001600049245002500065260003500090241105s9999 xx 000 0 und d aeng aPatil Pooja aCultural Centre Pune bFinal Year B. Arch, BNCAc2014